Say Something- A Great Big World ft.Christina Aguilera (All) - Statistics

General Stats
  • This quiz has been taken 185 times
  • The average score is 125 of 140
Answer Stats
Say Something % Correct
I
100%
Chorus | Intro | Outro Say
100%
so
100%
something
100%
you
100%
giving
99%
on
99%
up
99%
I'm
98%
me
98%
to
95%
Verse 1 | Verse 2 | Verse 3 And
93%
and
93%
the
91%
one
90%
be
88%
I'll
88%
Anywhere
86%
anywhere
86%
that
86%
want
84%
followed
81%
if
81%
sorry
78%
would've
78%
my
77%
You're
77%
couldn't
76%
all
75%
feeling
75%
get
75%
small
75%
at
74%
love
74%
nothing
74%
will
73%
fall
70%
am
69%
head
69%
goodbye
67%
saying
67%
It
66%
learning
66%
over
66%
still
66%
pride
62%
was
62%
starting
60%
swallow
60%
Just
58%
stumble
58%
crawl
54%
know
53%
No matching quizzes found
Score Distribution
Percent of People with Each Score
Percentile by Number Answered
Your Score History
You have not taken this quiz